000 00562nam a2200193Ia 4500
003 GCL
008 140319s9999 xx 000 0 ara d
040 _aGCL /
_cGCL
082 0 4 _a550.62
_bن ج
100 1 _aن. دنكان
245 1 0 _aالجيولوجيا الهندسية وميكانيك الصخور /
_cن. دنكان
260 _a[S.N] :
_bجامعة الموصل ،
_c1980
300 _a240 ص
490 _a
650 0 4 _aالهندسة
650 0 4 _aالجيولوجيا
650 0 4 _aالجيولوجيا الهندسية
942 _2ddc
_cBK
999 _c51913
_d51913